Ảnh hưởng của điều kiện chế biến đến chất lượng của tàu hủ dạng tấm mỏng (Tofu sheet) kết tủa bằng GDL : Luận văn tốt nghiệp Cao học. Chuyên ngành Công nghệ thực phẩm
Đề tài nghiên cứu động học của sự phân hủy GDL thành acid gluconic dưới tác dụng của nhiệt độ đến cấu trúc kết tủa, khảo sát ảnh hưởng của lực ép đến chất lượng sản phẩm.
Đã lưu trong:
| 主要作者: | |
|---|---|
| 格式: | 圖書 |
| 語言: | Undetermined |
| 出版: |
Cần Thơ
Trường Đại học Cần Thơ
2015
|
| 主題: | |
| 標簽: |
添加標簽
沒有標簽, 成為第一個標記此記錄!
|
| Thư viện lưu trữ: | Trung tâm Học liệu Trường Đại học Cần Thơ |
|---|
| LEADER | 01203nam a2200229Ia 4500 | ||
|---|---|---|---|
| 001 | CTU_205746 | ||
| 008 | 210402s9999 xx 000 0 und d | ||
| 082 | |a 664.64 | ||
| 082 | |b H561 | ||
| 088 | |a 60540101 | ||
| 100 | |a Bùi, Cẩm Hương | ||
| 245 | 0 | |a Ảnh hưởng của điều kiện chế biến đến chất lượng của tàu hủ dạng tấm mỏng (Tofu sheet) kết tủa bằng GDL : | |
| 245 | 0 | |b Luận văn tốt nghiệp Cao học. Chuyên ngành Công nghệ thực phẩm | |
| 245 | 0 | |c Bùi Cẩm Hương ; Võ Tấn Thành (Cán bộ hướng dẫn) | |
| 260 | |a Cần Thơ | ||
| 260 | |b Trường Đại học Cần Thơ | ||
| 260 | |c 2015 | ||
| 520 | |a Đề tài nghiên cứu động học của sự phân hủy GDL thành acid gluconic dưới tác dụng của nhiệt độ đến cấu trúc kết tủa, khảo sát ảnh hưởng của lực ép đến chất lượng sản phẩm. | ||
| 650 | |a Đậu nành,Soybean | ||
| 650 | |x Chế biến,Processing | ||
| 910 | |a Hải | ||
| 980 | |a Trung tâm Học liệu Trường Đại học Cần Thơ | ||